| 000 | 01164nam a22002177a 4500 | ||
|---|---|---|---|
| 999 |
_c60179 _d60179 |
||
| 003 | Ge_BSU | ||
| 005 | 20230615114117.0 | ||
| 008 | 230615s2009 ge ||||| |||| 00| 0 geo d | ||
| 020 | _a9789941101687 | ||
| 041 | _ageo | ||
| 080 | _a321.17+ 94(37/38) დ-91 | ||
| 100 |
_aდუნდუა, თედო _93483 |
||
| 245 |
_aსაქართველო და გარე სამყარო - ევროპის "შექმნა" და ევროპის ინტეგრაციის ისტორიული ფორმები : _bსაუნივერსიტეტო სახელმძღვანელო / _cთედო დუნდუა, ნათია ფიფია. |
||
| 264 |
_aთბილისი : _bმერიდიანი, _c2009. |
||
| 300 |
_a246 გვ.; _b20 სმ. |
||
| 504 | _aბიბლიოგრ. გვ. 243-245 | ||
| 520 | _aრეზიუმე თავების ბოლოს ინგლ. ენაზე | ||
| 653 | _aსაქართველო და ევროპა | ||
| 700 |
_aფიფია, ნათია _eავტორი _918732 |
||
| 942 |
_2udc _cBK |
||